000 00756nam a2200265 i 4500
001 C2-0128133
003 PPAK
005 20180727120542.0
008 970921s1986 my |||| ||||| | may d
020 _a967907014X
040 _aPPAK
_beng
_cPPAK
_erda
082 0 4 _a297.6
_223
090 0 0 _a297.6
_bNAB
_dG
090 0 0 _a297.6
_bNAB
_dK
245 0 0 _aNabi Nuh 'Alaihis-salam
264 1 _aKuala Lumpur :
_bPenerbit Taha ,
_c1986
300 _a39 pages ;
_c21 cm
336 _2rdacontent
_atext
337 _2rdamedia
_aunmediated
338 _2rdacarrier
_avolume
490 1 _aSiri Perutusan Rasul dari Al-Quran (Siri pertama)
650 1 0 _aIslamic stories, malay
830 0 _aSiri Perutusan Rasul dari Al-Quran (Siri pertama)
942 _ddc
_cB
999 _c38568
_d38568